[Event "45th FIDE Chess Olympiad - Women's Section"]
[Site "Budapest, Hungary"]
[Date "2024.09.11"]
[Round "1"]
[White "Buksa, Nataliya"]
[Black "Zhanybekova, Begimay"]
[Result "1-0"]
[Board "22"]
[WhiteFideId "14123622"]
[BlackFideId "13819356"]
[WhiteTitle "IM"]
[BlackTitle "WCM"]
[WhiteElo "2387"]
[BlackElo "1784"]
[WhiteTeam "Ukraine"]
[BlackTeam "Kyrgyzstan"]
[WhiteClock "0:08:35"]
[BlackClock "0:03:13"]
[Variant "Standard"]

1. e4 {[%clk 1:30:58]}  c5 {[%clk 1:30:55]} 2. Nf3 {[%clk 1:31:11]}  e6 {[%clk 1:31:16]} 3. d4 {[%clk 1:31:32]}  cxd4 {[%clk 1:31:41]} 4. Nxd4 {[%clk 1:31:59]}  Nc6 {[%clk 1:32:03]} 5. Nc3 {[%clk 1:32:23]}  Qc7 {[%clk 1:32:14]} 6. Be2 {[%clk 1:32:33]}  a6 {[%clk 1:32:36]} 7. Be3 {[%clk 1:32:40]}  Nf6 {[%clk 1:32:56]} 8. O-O {[%clk 1:32:56]}  Bb4 {[%clk 1:33:15]} 9. Na4 {[%clk 1:31:29]}  Be7 {[%clk 1:33:31]} 10. Nxc6 {[%clk 1:29:31]}  bxc6 {[%clk 1:33:54]} 11. Nb6 {[%clk 1:29:58]}  Rb8 {[%clk 1:34:18]} 12. Nxc8 {[%clk 1:30:24]}  Qxc8 {[%clk 1:34:44]} 13. Bd4 {[%clk 1:23:32]}  c5 {[%clk 1:33:25]} 14. Be5 {[%clk 1:21:11]}  Rb6 {[%clk 1:33:48]} 15. Bf3 {[%clk 1:14:36]}  O-O {[%clk 1:29:39]} 16. a4 {[%clk 1:10:28]}  d6 {[%clk 1:21:00]} 17. a5 {[%clk 1:07:32]}  Rb8 {[%clk 1:21:28]} 18. Bc3 {[%clk 1:03:26]}  Nd7 {[%clk 1:13:55]} 19. Be2 {[%clk 1:03:08]}  Nf6 {[%clk 0:47:55]} 20. Qd3 {[%clk 0:54:45]}  Rd8 {[%clk 0:44:24]} 21. Rfe1 {[%clk 0:41:31]}  Ra8 {[%clk 0:43:25]} 22. Qg3 {[%clk 0:41:00]}  Rd7 {[%clk 0:32:52]} 23. Rad1 {[%clk 0:37:54]}  Qd8 {[%clk 0:28:18]} 24. Bc4 {[%clk 0:35:50]}  Bf8 {[%clk 0:24:06]} 25. Qf3 {[%clk 0:28:17]}  Ne8 {[%clk 0:24:06]} 26. Qh3 {[%clk 0:17:21]}  Nc7 {[%clk 0:22:15]} 27. f4 {[%clk 0:17:07]}  Nb5 {[%clk 0:19:24]} 28. Bd2 {[%clk 0:17:01]}  d5 {[%clk 0:16:37]} 29. exd5 {[%clk 0:16:34]}  exd5 {[%clk 0:17:05]} 30. Bd3 {[%clk 0:17:00]}  g6 {[%clk 0:17:28]} 31. f5 {[%clk 0:14:45]}  Bg7 {[%clk 0:16:29]} 32. Rf1 {[%clk 0:11:14]}  c4 {[%clk 0:13:04]} 33. fxg6 {[%clk 0:11:23]}  hxg6 {[%clk 0:13:33]} 34. Bg5 {[%clk 0:09:19]}  Qxg5 {[%clk 0:05:22]} 35. Qxd7 {[%clk 0:09:46]}  Rf8 {[%clk 0:05:47]} 36. Bxg6 {[%clk 0:07:45]}  Qxg6 {[%clk 0:05:29]} 37. Qxd5 {[%clk 0:07:29]}  Qxc2 {[%clk 0:04:52]} 38. Rf2 {[%clk 0:07:12]}  Qb3 {[%clk 0:02:47]} 39. Kh1 {[%clk 0:07:20]}  Nc7 {[%clk 0:02:30]} 40. Qd7 {[%clk 0:05:49]}  Ne6 {[%clk 0:00:35]} 41. Rdf1 {[%clk 0:04:40]}  Qd3 {[%clk 0:00:54]} 42. Qb7 {[%clk 0:28:11]}  Nc5 {[%clk 0:28:19]} 43. Qc6 {[%clk 0:26:50]}  Ne4 {[%clk 0:25:03]} 44. Rf3 {[%clk 0:26:39]}  Qe2 {[%clk 0:23:02]} 45. Qd5 {[%clk 0:26:34]}  Nf6 {[%clk 0:18:37]} 46. Qb7 {[%clk 0:22:01]}  Rd8 {[%clk 0:14:36]} 47. Qxa6 {[%clk 0:19:43]}  Rd1 {[%clk 0:09:39]} 48. Qc8+ {[%clk 0:19:14]}  Ne8 {[%clk 0:10:03]} 49. Qf5 {[%clk 0:16:16]}  Nd6 {[%clk 0:10:27]} 50. Qf4 {[%clk 0:16:42]}  Bxb2 {[%clk 0:06:17]} 51. Rxd1 {[%clk 0:14:48]}  Qxd1+ {[%clk 0:06:43]} 52. Rf1 {[%clk 0:15:15]}  Qd3 {[%clk 0:04:47]} 53. a6 {[%clk 0:15:28]}  Bd4 {[%clk 0:04:33]} 54. Qg4+ {[%clk 0:14:48]}  Bg7 {[%clk 0:04:41]} 55. Rd1 {[%clk 0:14:53]}  Qa3 {[%clk 0:05:09]} 56. a7 {[%clk 0:14:22]}  f5 {[%clk 0:03:15]} 57. Qe2 {[%clk 0:10:48]}  Qxa7 {[%clk 0:02:35]} 58. Rxd6 {[%clk 0:11:08]}  Qf7 {[%clk 0:02:34]} 59. Rc6 {[%clk 0:08:07]}  c3 {[%clk 0:02:53]} 60. Qc4 {[%clk 0:07:13]}  Qxc4 {[%clk 0:02:34]} 61. Rxc4 {[%clk 0:07:38]}  Kf7 {[%clk 0:02:49]} 62. Rc7+ {[%clk 0:07:44]}  Kg6 {[%clk 0:03:12]} 63. g3 {[%clk 0:07:56]}  Be5 {[%clk 0:02:50]} 64. Rc6+ {[%clk 0:08:22]}  Kg5 {[%clk 0:03:13]} 65. Kg2 {[%clk 0:08:35]} 1-0

[Event "45th FIDE Chess Olympiad - Women's Section"]
[Site "Budapest, Hungary"]
[Date "2024.09.11"]
[Round "1"]
[White "Fataliyeva, Ulviyya"]
[Black "Granados Ortiz, Maria Jose"]
[Result "1-0"]
[Board "25"]
[WhiteFideId "13403052"]
[BlackFideId "6103812"]
[WhiteTitle "IM"]
[BlackTitle "WFM"]
[WhiteElo "2378"]
[BlackElo "1935"]
[WhiteTeam "Azerbaijan"]
[BlackTeam "Nicaragua"]
[WhiteClock "1:06:54"]
[BlackClock "0:14:21"]
[Variant "Standard"]

1. d4 {[%clk 1:30:53]}  d5 {[%clk 1:30:44]} 2. Bf4 {[%clk 1:31:18]}  Bf5 {[%clk 1:30:13]} 3. Nc3 {[%clk 1:30:51]}  e6 {[%clk 1:28:04]} 4. Nf3 {[%clk 1:29:36]}  Nf6 {[%clk 1:25:48]} 5. e3 {[%clk 1:27:35]}  Bd6 {[%clk 1:22:50]} 6. Ne5 {[%clk 1:27:24]}  O-O {[%clk 1:17:10]} 7. g4 {[%clk 1:25:56]}  Bg6 {[%clk 1:04:36]} 8. h4 {[%clk 1:25:04]}  Ne4 {[%clk 0:50:03]} 9. Nxe4 {[%clk 1:16:22]}  Bxe4 {[%clk 0:48:16]} 10. f3 {[%clk 1:16:22]}  f6 {[%clk 0:44:25]} 11. fxe4 {[%clk 1:15:25]}  fxe5 {[%clk 0:44:37]} 12. dxe5 {[%clk 1:15:33]}  Be7 {[%clk 0:40:56]} 13. g5 {[%clk 1:13:55]}  c6 {[%clk 0:36:21]} 14. Qg4 {[%clk 1:12:51]}  Qd7 {[%clk 0:27:54]} 15. O-O-O {[%clk 1:11:15]}  Bc5 {[%clk 0:25:31]} 16. Bd3 {[%clk 1:07:48]}  Qe7 {[%clk 0:22:30]} 17. exd5 {[%clk 1:06:57]}  cxd5 {[%clk 0:14:21]} 18. Bxh7+ {[%clk 1:06:54]} 1-0

[Event "45th FIDE Chess Olympiad - Women's Section"]
[Site "Budapest, Hungary"]
[Date "2024.09.11"]
[Round "1"]
[White "Wagner, Dinara"]
[Black "Henderson de La Fuente, Andrea"]
[Result "1-0"]
[Board "33"]
[WhiteFideId "24157570"]
[BlackFideId "32096577"]
[WhiteTitle "IM"]
[BlackTitle "WFM"]
[WhiteElo "2452"]
[BlackElo "1986"]
[WhiteTeam "Germany"]
[BlackTeam "Andorra"]
[WhiteClock "0:05:41"]
[BlackClock "0:00:42"]
[Variant "Standard"]

1. d4 {[%clk 1:30:57]}  Nf6 {[%clk 1:30:43]} 2. c4 {[%clk 1:31:21]}  d6 {[%clk 1:31:03]} 3. Nf3 {[%clk 1:31:41]}  Nbd7 {[%clk 1:30:54]} 4. Nc3 {[%clk 1:32:05]}  e5 {[%clk 1:30:53]} 5. g3 {[%clk 1:30:58]}  Be7 {[%clk 1:30:10]} 6. Bg2 {[%clk 1:31:20]}  c6 {[%clk 1:29:55]} 7. e4 {[%clk 1:31:26]}  O-O {[%clk 1:29:49]} 8. O-O {[%clk 1:31:51]}  Re8 {[%clk 1:26:42]} 9. h3 {[%clk 1:29:35]}  exd4 {[%clk 1:22:21]} 10. Nxd4 {[%clk 1:29:10]}  Nc5 {[%clk 1:21:48]} 11. Re1 {[%clk 1:25:40]}  Ne6 {[%clk 1:18:33]} 12. Be3 {[%clk 1:23:41]}  Bf8 {[%clk 1:13:34]} 13. Qd2 {[%clk 1:19:49]}  g6 {[%clk 1:00:46]} 14. Rad1 {[%clk 1:17:20]}  Qc7 {[%clk 0:52:46]} 15. f4 {[%clk 1:12:42]}  Nc5 {[%clk 0:38:40]} 16. Bf2 {[%clk 1:11:39]}  a5 {[%clk 0:38:42]} 17. g4 {[%clk 0:55:43]}  Nfd7 {[%clk 0:28:28]} 18. Nf3 {[%clk 0:52:05]}  a4 {[%clk 0:27:11]} 19. Qc2 {[%clk 0:51:00]}  Qa5 {[%clk 0:22:33]} 20. Nd4 {[%clk 0:37:03]}  Bg7 {[%clk 0:16:34]} 21. g5 {[%clk 0:31:27]}  Qb4 {[%clk 0:14:44]} 22. Bf1 {[%clk 0:24:26]}  a3 {[%clk 0:11:45]} 23. b3 {[%clk 0:24:42]}  Nf8 {[%clk 0:06:46]} 24. Bg2 {[%clk 0:16:22]}  Nfe6 {[%clk 0:06:40]} 25. Nxe6 {[%clk 0:16:23]}  Nxe6 {[%clk 0:07:05]} 26. Ne2 {[%clk 0:16:47]}  h6 {[%clk 0:05:27]} 27. h4 {[%clk 0:16:53]}  hxg5 {[%clk 0:05:34]} 28. hxg5 {[%clk 0:17:19]}  Rd8 {[%clk 0:03:25]} 29. Bf3 {[%clk 0:14:22]}  Bd7 {[%clk 0:02:46]} 30. Qd2 {[%clk 0:12:36]}  Qxd2 {[%clk 0:01:20]} 31. Rxd2 {[%clk 0:13:03]}  Bf8 {[%clk 0:01:34]} 32. Red1 {[%clk 0:08:15]}  Be8 {[%clk 0:01:22]} 33. Be3 {[%clk 0:08:42]}  Be7 {[%clk 0:01:41]} 34. Nc3 {[%clk 0:08:13]}  Rdc8 {[%clk 0:01:48]} 35. Kf2 {[%clk 0:06:38]}  Kf8 {[%clk 0:01:11]} 36. Kg3 {[%clk 0:06:37]}  Ra6 {[%clk 0:01:01]} 37. Rh2 {[%clk 0:06:02]}  f6 {[%clk 0:00:55]} 38. Bg4 {[%clk 0:05:16]}  Bf7 {[%clk 0:00:42]} 39. Rh8+ {[%clk 0:05:41]} 1-0

[Event "45th FIDE Chess Olympiad - Women's Section"]
[Site "Budapest, Hungary"]
[Date "2024.09.11"]
[Round "1"]
[White "Mkrtchyan, Mariam"]
[Black "Hermoso Rodriguez, Ysvett"]
[Result "1-0"]
[Board "46"]
[WhiteFideId "13310828"]
[BlackFideId "3912167"]
[WhiteTitle "WIM"]
[BlackTitle "WCM"]
[WhiteElo "2328"]
[BlackElo "1943"]
[WhiteTeam "Armenia"]
[BlackTeam "Trinidad & Tobago"]
[WhiteClock "0:01:36"]
[BlackClock "0:01:32"]
[Variant "Standard"]

1. d4 {[%clk 1:30:57]}  d5 {[%clk 1:30:38]} 2. Nf3 {[%clk 1:31:23]}  Nf6 {[%clk 1:30:34]} 3. c4 {[%clk 1:31:45]}  c6 {[%clk 1:31:00]} 4. Qc2 {[%clk 1:25:04]}  e6 {[%clk 1:28:42]} 5. g3 {[%clk 1:22:54]}  Be7 {[%clk 1:28:05]} 6. Bg2 {[%clk 1:23:21]}  O-O {[%clk 1:22:55]} 7. O-O {[%clk 1:23:47]}  dxc4 {[%clk 1:23:07]} 8. Qxc4 {[%clk 1:24:01]}  b5 {[%clk 1:22:51]} 9. Qd3 {[%clk 1:18:41]}  Bb7 {[%clk 1:18:05]} 10. Ne5 {[%clk 1:18:12]}  Qb6 {[%clk 1:14:19]} 11. Nc3 {[%clk 1:06:53]}  Rd8 {[%clk 1:09:04]} 12. Be3 {[%clk 0:52:29]}  Nbd7 {[%clk 0:50:19]} 13. Nxd7 {[%clk 0:46:15]}  Rxd7 {[%clk 0:48:35]} 14. Rac1 {[%clk 0:45:13]}  Rc8 {[%clk 0:33:39]} 15. Rfd1 {[%clk 0:30:19]}  a6 {[%clk 0:25:35]} 16. Ne4 {[%clk 0:29:52]}  Rcd8 {[%clk 0:21:22]} 17. Qc2 {[%clk 0:24:01]}  Nd5 {[%clk 0:20:00]} 18. Bd2 {[%clk 0:21:11]}  h6 {[%clk 0:13:34]} 19. e3 {[%clk 0:18:45]}  f5 {[%clk 0:08:46]} 20. Nc5 {[%clk 0:17:03]}  Bxc5 {[%clk 0:09:04]} 21. dxc5 {[%clk 0:15:17]}  Qc7 {[%clk 0:09:05]} 22. e4 {[%clk 0:14:58]}  Nf6 {[%clk 0:07:55]} 23. exf5 {[%clk 0:11:28]}  exf5 {[%clk 0:07:59]} 24. Bf4 {[%clk 0:04:20]}  Rxd1+ {[%clk 0:08:21]} 25. Rxd1 {[%clk 0:04:50]}  Rxd1+ {[%clk 0:08:41]} 26. Qxd1 {[%clk 0:05:19]}  Qd7 {[%clk 0:08:28]} 27. Qxd7 {[%clk 0:03:44]}  Nxd7 {[%clk 0:08:54]} 28. Bh3 {[%clk 0:04:05]}  Nxc5 {[%clk 0:08:42]} 29. Bxf5 {[%clk 0:04:33]}  Kf7 {[%clk 0:08:48]} 30. Be5 {[%clk 0:04:46]}  g6 {[%clk 0:08:45]} 31. Bc2 {[%clk 0:04:56]}  Bc8 {[%clk 0:07:35]} 32. Bd4 {[%clk 0:02:30]}  Nb7 {[%clk 0:07:28]} 33. Be4 {[%clk 0:01:16]}  Bd7 {[%clk 0:07:56]} 34. h4 {[%clk 0:00:37]}  Nd6 {[%clk 0:08:02]} 35. Bg2 {[%clk 0:00:52]}  a5 {[%clk 0:06:43]} 36. b3 {[%clk 0:01:05]}  Nb7 {[%clk 0:06:03]} 37. Kf1 {[%clk 0:01:18]}  Ke6 {[%clk 0:05:59]} 38. Ke2 {[%clk 0:01:12]}  Kd6 {[%clk 0:05:16]} 39. Ke3 {[%clk 0:00:42]}  Bf5 {[%clk 0:04:31]} 40. Bg7 {[%clk 0:00:43]}  h5 {[%clk 0:04:49]} 41. a3 {[%clk 0:25:53]}  Nd8 {[%clk 0:30:03]} 42. Bf3 {[%clk 0:23:15]}  Bc2 {[%clk 0:27:35]} 43. Bf8+ {[%clk 0:20:43]}  Kd7 {[%clk 0:24:44]} 44. b4 {[%clk 0:20:55]}  a4 {[%clk 0:24:16]} 45. Kd2 {[%clk 0:17:21]}  Bf5 {[%clk 0:23:31]} 46. Bc5 {[%clk 0:13:53]}  Ne6 {[%clk 0:23:38]} 47. Be3 {[%clk 0:11:54]}  Kd6 {[%clk 0:23:39]} 48. Kc3 {[%clk 0:12:24]}  Bb1 {[%clk 0:06:58]} 49. Ba7 {[%clk 0:09:41]}  Bf5 {[%clk 0:05:14]} 50. Bb8+ {[%clk 0:09:44]}  Kd7 {[%clk 0:05:38]} 51. Be2 {[%clk 0:09:27]}  Be4 {[%clk 0:02:06]} 52. Be5 {[%clk 0:09:39]}  Bf5 {[%clk 0:02:10]} 53. f3 {[%clk 0:08:06]}  Bb1 {[%clk 0:02:28]} 54. g4 {[%clk 0:07:52]}  hxg4 {[%clk 0:02:49]} 55. fxg4 {[%clk 0:08:21]}  Ke8 {[%clk 0:03:02]} 56. Bf3 {[%clk 0:08:30]}  Kd7 {[%clk 0:03:26]} 57. Be2 {[%clk 0:07:28]}  Be4 {[%clk 0:03:46]} 58. Kd2 {[%clk 0:07:09]}  Nf8 {[%clk 0:03:20]} 59. Ke3 {[%clk 0:07:12]}  Bb1 {[%clk 0:03:44]} 60. h5 {[%clk 0:03:24]}  gxh5 {[%clk 0:04:00]} 61. gxh5 {[%clk 0:03:53]}  Ke6 {[%clk 0:03:52]} 62. Bg7 {[%clk 0:03:13]}  Nh7 {[%clk 0:03:41]} 63. Kd4 {[%clk 0:03:14]}  Ba2 {[%clk 0:02:32]} 64. Kc5 {[%clk 0:01:07]}  Bd5 {[%clk 0:02:12]} 65. h6 {[%clk 0:01:37]}  Kf7 {[%clk 0:02:14]} 66. Bxb5 {[%clk 0:01:45]}  Ng5 {[%clk 0:02:24]} 67. Bxc6 {[%clk 0:01:30]}  Bb3 {[%clk 0:01:32]} 68. b5 {[%clk 0:01:16]}  Ne6+ {[%clk 0:01:43]} 69. Kd6 {[%clk 0:01:35]}  Nd8 {[%clk 0:01:16]} 70. b6 {[%clk 0:01:08]}  Bd1 {[%clk 0:01:31]} 71. Bd5+ {[%clk 0:01:15]}  Kg6 {[%clk 0:01:32]} 72. Ke7 {[%clk 0:01:36]} 1-0

[Event "45th FIDE Chess Olympiad - Women's Section"]
[Site "Budapest, Hungary"]
[Date "2024.09.11"]
[Round "1"]
[White "Makwena, Christine"]
[Black "Radeva, Viktoria"]
[Result "0-1"]
[Board "50"]
[WhiteFideId "11003391"]
[BlackFideId "2915405"]
[BlackTitle "WGM"]
[WhiteElo "1860"]
[BlackElo "2297"]
[WhiteTeam "Zimbabwe"]
[BlackTeam "Bulgaria"]
[WhiteClock "0:26:25"]
[BlackClock "0:03:28"]
[Variant "Standard"]

1. e4 {[%clk 1:30:50]}  e6 {[%clk 1:30:52]} 2. d3 {[%clk 1:29:00]}  d5 {[%clk 1:31:00]} 3. Nd2 {[%clk 1:29:19]}  Nc6 {[%clk 1:31:08]} 4. Ngf3 {[%clk 1:29:15]}  Nf6 {[%clk 1:30:41]} 5. g3 {[%clk 1:29:25]}  dxe4 {[%clk 1:30:51]} 6. dxe4 {[%clk 1:29:36]}  Bc5 {[%clk 1:30:54]} 7. Bg2 {[%clk 1:29:12]}  e5 {[%clk 1:30:56]} 8. O-O {[%clk 1:29:21]}  a5 {[%clk 1:30:33]} 9. c3 {[%clk 1:26:19]}  Qd3 {[%clk 1:28:32]} 10. Ne1 {[%clk 1:19:55]}  Qd6 {[%clk 1:27:31]} 11. Qc2 {[%clk 1:19:55]}  Be6 {[%clk 1:26:53]} 12. Nb3 {[%clk 1:19:39]}  Ba7 {[%clk 1:08:21]} 13. Nf3 {[%clk 1:11:04]}  a4 {[%clk 1:02:46]} 14. Nbd2 {[%clk 1:10:57]}  O-O {[%clk 0:54:16]} 15. Ng5 {[%clk 1:10:01]}  Rfd8 {[%clk 0:45:13]} 16. Nxe6 {[%clk 1:09:23]}  Qxe6 {[%clk 0:45:36]} 17. h3 {[%clk 1:08:15]}  h6 {[%clk 0:39:58]} 18. Re1 {[%clk 1:07:11]}  b5 {[%clk 0:35:24]} 19. Nf1 {[%clk 1:04:03]}  Na5 {[%clk 0:27:51]} 20. Be3 {[%clk 1:00:00]}  c6 {[%clk 0:27:43]} 21. Red1 {[%clk 0:49:48]}  Rxd1 {[%clk 0:27:06]} 22. Qxd1 {[%clk 0:49:45]}  Nc4 {[%clk 0:26:05]} 23. Bxa7 {[%clk 0:49:24]}  Rxa7 {[%clk 0:26:29]} 24. Qe2 {[%clk 0:44:22]}  Qe7 {[%clk 0:21:44]} 25. Rd1 {[%clk 0:38:00]}  Rd7 {[%clk 0:21:03]} 26. Rxd7 {[%clk 0:37:39]}  Nxd7 {[%clk 0:20:10]} 27. Ne3 {[%clk 0:35:16]}  Nxe3 {[%clk 0:19:21]} 28. Qxe3 {[%clk 0:35:38]}  Qd6 {[%clk 0:18:29]} 29. Qe2 {[%clk 0:34:25]}  Nc5 {[%clk 0:12:27]} 30. Bf1 {[%clk 0:33:15]}  Kf8 {[%clk 0:11:43]} 31. Kg2 {[%clk 0:29:04]}  Qg6 {[%clk 0:09:03]} 32. f3 {[%clk 0:28:41]}  Qd6 {[%clk 0:08:47]} 33. Qc2 {[%clk 0:28:33]}  Ke7 {[%clk 0:08:32]} 34. Qe2 {[%clk 0:27:04]}  g5 {[%clk 0:05:05]} 35. Qe3 {[%clk 0:26:13]}  Ne6 {[%clk 0:04:31]} 36. Be2 {[%clk 0:24:20]}  h5 {[%clk 0:04:15]} 37. Qa7+ {[%clk 0:19:23]}  Kf8 {[%clk 0:02:02]} 38. Qe3 {[%clk 0:17:29]}  Qc5 {[%clk 0:01:43]} 39. Qxc5+ {[%clk 0:16:47]}  Nxc5 {[%clk 0:02:09]} 40. Kf2 {[%clk 0:17:01]}  Ke7 {[%clk 0:01:53]} 41. Ke3 {[%clk 0:17:18]}  Ne6 {[%clk 0:00:54]} 42. Kf2 {[%clk 0:16:56]}  h4 {[%clk 0:29:54]} 43. Bf1 {[%clk 0:46:25]}  Kd6 {[%clk 0:26:18]} 44. Kg2 {[%clk 0:39:51]}  Kc5 {[%clk 0:25:52]} 45. a3 {[%clk 0:39:52]}  Nf8 {[%clk 0:21:08]} 46. f4 {[%clk 0:37:47]}  exf4 {[%clk 0:16:15]} 47. gxf4 {[%clk 0:37:25]}  gxf4 {[%clk 0:16:10]} 48. Kf3 {[%clk 0:37:50]}  Ng6 {[%clk 0:16:23]} 49. Kg4 {[%clk 0:37:50]}  Kd6 {[%clk 0:16:15]} 50. Kf5 {[%clk 0:37:07]}  f3 {[%clk 0:14:05]} 51. Kg4 {[%clk 0:35:29]}  f2 {[%clk 0:12:41]} 52. Kf3 {[%clk 0:35:14]}  Ke5 {[%clk 0:04:10]} 53. Kxf2 {[%clk 0:32:27]}  Kf4 {[%clk 0:04:37]} 54. c4 {[%clk 0:31:47]}  bxc4 {[%clk 0:04:56]} 55. Bxc4 {[%clk 0:32:11]}  Ne5 {[%clk 0:05:20]} 56. Ba6 {[%clk 0:29:51]}  Kxe4 {[%clk 0:05:32]} 57. Ke2 {[%clk 0:30:08]}  f5 {[%clk 0:05:36]} 58. Kd2 {[%clk 0:29:16]}  Kd4 {[%clk 0:05:15]} 59. Be2 {[%clk 0:29:10]}  f4 {[%clk 0:02:59]} 60. Bd1 {[%clk 0:27:15]}  f3 {[%clk 0:03:05]} 61. Bxa4 {[%clk 0:26:25]}  Nc4+ {[%clk 0:03:28]} 0-1

[Event "45th FIDE Chess Olympiad - Women's Section"]
[Site "Budapest, Hungary"]
[Date "2024.09.11"]
[Round "1"]
[White "Chuemsakul, Sarocha"]
[Black "Gajcin, Marina"]
[Result "1/2-1/2"]
[Board "73"]
[WhiteFideId "6203710"]
[BlackFideId "949086"]
[WhiteTitle "WFM"]
[BlackTitle "WGM"]
[WhiteElo "1906"]
[BlackElo "2253"]
[WhiteTeam "Thailand"]
[BlackTeam "Serbia"]
[WhiteClock "0:04:37"]
[BlackClock "0:05:15"]
[Variant "Standard"]

1. d4 {[%clk 1:30:58]}  Nf6 {[%clk 1:30:52]} 2. c4 {[%clk 1:31:21]}  e6 {[%clk 1:31:11]} 3. Nf3 {[%clk 1:31:21]}  Bb4+ {[%clk 1:31:21]} 4. Bd2 {[%clk 1:31:40]}  a5 {[%clk 1:30:57]} 5. a3 {[%clk 1:31:12]}  Bxd2+ {[%clk 1:31:05]} 6. Nbxd2 {[%clk 1:31:29]}  Nc6 {[%clk 1:20:32]} 7. e4 {[%clk 1:27:09]}  d6 {[%clk 1:19:29]} 8. Bd3 {[%clk 1:17:52]}  e5 {[%clk 1:17:28]} 9. d5 {[%clk 1:15:27]}  Ne7 {[%clk 1:15:50]} 10. c5 {[%clk 1:06:44]}  O-O {[%clk 1:12:33]} 11. cxd6 {[%clk 1:03:37]}  cxd6 {[%clk 1:12:25]} 12. h3 {[%clk 1:03:50]}  Ng6 {[%clk 1:04:52]} 13. O-O {[%clk 1:02:34]}  Nf4 {[%clk 1:02:12]} 14. Bb5 {[%clk 0:59:19]}  N6h5 {[%clk 0:56:35]} 15. Kh2 {[%clk 0:49:27]}  Bd7 {[%clk 0:25:10]} 16. Qa4 {[%clk 0:44:15]}  Nf6 {[%clk 0:22:58]} 17. Bxd7 {[%clk 0:35:44]}  Nxd7 {[%clk 0:23:18]} 18. g3 {[%clk 0:35:03]}  Ng6 {[%clk 0:21:27]} 19. Qb5 {[%clk 0:33:06]}  f5 {[%clk 0:15:47]} 20. Kg2 {[%clk 0:27:22]}  Nc5 {[%clk 0:10:32]} 21. exf5 {[%clk 0:17:57]}  Rxf5 {[%clk 0:10:53]} 22. b4 {[%clk 0:18:10]}  Qd7 {[%clk 0:10:41]} 23. Qxd7 {[%clk 0:14:20]}  Nxd7 {[%clk 0:11:10]} 24. Ne4 {[%clk 0:14:35]}  Ne7 {[%clk 0:06:27]} 25. Nxd6 {[%clk 0:12:30]}  e4 {[%clk 0:04:50]} 26. Nxe4 {[%clk 0:09:37]}  Rxd5 {[%clk 0:04:33]} 27. Rfd1 {[%clk 0:08:33]}  Nb6 {[%clk 0:02:00]} 28. Nc5 {[%clk 0:09:01]}  axb4 {[%clk 0:01:59]} 29. axb4 {[%clk 0:09:11]}  Rxa1 {[%clk 0:02:15]} 30. Rxa1 {[%clk 0:09:34]}  Nc6 {[%clk 0:02:30]} 31. Nxb7 {[%clk 0:09:02]}  Rb5 {[%clk 0:01:25]} 32. Re1 {[%clk 0:07:58]}  Nc4 {[%clk 0:00:41]} 33. Nc5 {[%clk 0:04:48]}  Nxb4 {[%clk 0:01:06]} 34. Ne4 {[%clk 0:02:13]}  h6 {[%clk 0:00:47]} 35. Nc3 {[%clk 0:01:47]}  Rb8 {[%clk 0:00:55]} 36. Re7 {[%clk 0:01:49]}  Nd6 {[%clk 0:00:39]} 37. Nd4 {[%clk 0:00:57]}  Rc8 {[%clk 0:00:41]} 38. Nce2 {[%clk 0:01:03]}  Nc6 {[%clk 0:00:36]} 39. Nxc6 {[%clk 0:00:54]}  Rxc6 {[%clk 0:01:05]} 40. Nd4 {[%clk 0:00:55]}  Rc8 {[%clk 0:00:38]} 41. Rd7 {[%clk 0:00:45]}  Ne8 {[%clk 0:20:12]} 42. Ne6 {[%clk 0:27:08]}  g5 {[%clk 0:15:15]} 43. g4 {[%clk 0:24:11]}  Rc6 {[%clk 0:09:15]} 44. Re7 {[%clk 0:19:56]}  Nf6 {[%clk 0:09:39]} 45. Nd4 {[%clk 0:19:08]}  Ra6 {[%clk 0:09:47]} 46. Nf5 {[%clk 0:14:02]}  Nd5 {[%clk 0:10:00]} 47. Rg7+ {[%clk 0:13:41]}  Kh8 {[%clk 0:10:05]} 48. Rd7 {[%clk 0:10:03]}  Nf4+ {[%clk 0:10:19]} 49. Kh2 {[%clk 0:08:59]}  Ra3 {[%clk 0:08:11]} 50. Ne3 {[%clk 0:08:47]}  Ra2 {[%clk 0:02:33]} 51. Kg3 {[%clk 0:08:43]}  Ng6 {[%clk 0:00:37]} 52. Nd5 {[%clk 0:06:27]}  Ra6 {[%clk 0:00:40]} 53. Rf7 {[%clk 0:05:33]}  Kg8 {[%clk 0:00:54]} 54. Rf6 {[%clk 0:04:42]}  Rxf6 {[%clk 0:01:18]} 55. Nxf6+ {[%clk 0:05:10]}  Kf7 {[%clk 0:01:42]} 56. Nh5 {[%clk 0:05:16]}  Ne5 {[%clk 0:01:23]} 57. f4 {[%clk 0:05:28]}  gxf4+ {[%clk 0:01:31]} 58. Kxf4 {[%clk 0:05:18]}  Nd3+ {[%clk 0:01:29]} 59. Kg3 {[%clk 0:03:33]}  Ne5 {[%clk 0:01:33]} 60. Nf4 {[%clk 0:02:30]}  Kg7 {[%clk 0:01:56]} 61. h4 {[%clk 0:01:21]}  Kf6 {[%clk 0:02:04]} 62. Nd5+ {[%clk 0:01:21]}  Ke6 {[%clk 0:01:54]} 63. Nf4+ {[%clk 0:01:24]}  Kf6 {[%clk 0:02:22]} 64. Ne2 {[%clk 0:00:54]}  Kg7 {[%clk 0:01:56]} 65. Nd4 {[%clk 0:01:22]}  Kf6 {[%clk 0:01:42]} 66. h5 {[%clk 0:00:54]}  Nf7 {[%clk 0:01:02]} 67. Kf4 {[%clk 0:01:09]}  Ne5 {[%clk 0:00:44]} 68. Nf5 {[%clk 0:01:06]}  Nf7 {[%clk 0:01:12]} 69. Ng3 {[%clk 0:01:00]}  Kg7 {[%clk 0:00:43]} 70. Ne4 {[%clk 0:00:47]}  Nd8 {[%clk 0:00:58]} 71. Ke5 {[%clk 0:00:44]}  Nc6+ {[%clk 0:01:11]} 72. Kd6 {[%clk 0:00:45]}  Nd4 {[%clk 0:01:19]} 73. Ke7 {[%clk 0:00:45]}  Nc6+ {[%clk 0:01:37]} 74. Kd6 {[%clk 0:01:04]}  Nd4 {[%clk 0:02:06]} 75. Kd5 {[%clk 0:00:49]}  Nf3 {[%clk 0:02:02]} 76. Nd6 {[%clk 0:00:44]}  Nh2 {[%clk 0:01:21]} 77. Nf5+ {[%clk 0:01:13]}  Kh7 {[%clk 0:01:30]} 78. Ne3 {[%clk 0:01:33]}  Nf3 {[%clk 0:01:57]} 79. Ke6 {[%clk 0:01:42]}  Ng5+ {[%clk 0:01:49]} 80. Ke7 {[%clk 0:01:48]}  Ne4 {[%clk 0:01:47]} 81. Nd5 {[%clk 0:01:43]}  Kg7 {[%clk 0:01:00]} 82. Ne3 {[%clk 0:01:29]}  Nf2 {[%clk 0:01:06]} 83. Ke6 {[%clk 0:01:11]}  Ne4 {[%clk 0:01:28]} 84. Nf5+ {[%clk 0:01:32]}  Kh7 {[%clk 0:01:57]} 85. Kf7 {[%clk 0:01:40]}  Nf2 {[%clk 0:01:45]} 86. Ne3 {[%clk 0:02:08]}  Ne4 {[%clk 0:02:09]} 87. Nd5 {[%clk 0:02:15]}  Ng5+ {[%clk 0:01:58]} 88. Kf8 {[%clk 0:02:08]}  Ne6+ {[%clk 0:02:01]} 89. Ke7 {[%clk 0:02:34]}  Ng5 {[%clk 0:02:16]} 90. Nf4 {[%clk 0:02:24]}  Ne4 {[%clk 0:02:15]} 91. Ng6 {[%clk 0:01:39]}  Kg7 {[%clk 0:02:15]} 92. Ke6 {[%clk 0:01:28]}  Nf2 {[%clk 0:02:17]} 93. Kf5 {[%clk 0:01:32]}  Nd1 {[%clk 0:02:25]} 94. Ne5 {[%clk 0:00:43]}  Nc3 {[%clk 0:01:23]} 95. Nf3 {[%clk 0:00:41]}  Nd5 {[%clk 0:01:32]} 96. g5 {[%clk 0:00:41]}  Ne7+ {[%clk 0:01:16]} 97. Kg4 {[%clk 0:00:56]}  hxg5 {[%clk 0:01:35]} 98. Kxg5 {[%clk 0:01:13]}  Ng8 {[%clk 0:01:53]} 99. Nd4 {[%clk 0:01:23]}  Nh6 {[%clk 0:01:46]} 100. Nf5+ {[%clk 0:01:15]}  Nxf5 {[%clk 0:02:09]} 101. Kxf5 {[%clk 0:01:43]}  Kh6 {[%clk 0:02:35]} 102. Kg4 {[%clk 0:02:01]}  Kh7 {[%clk 0:02:59]} 103. Kg5 {[%clk 0:02:29]}  Kg7 {[%clk 0:03:25]} 104. h6+ {[%clk 0:02:57]}  Kh7 {[%clk 0:03:52]} 105. Kh5 {[%clk 0:03:26]}  Kh8 {[%clk 0:04:18]} 106. Kg6 {[%clk 0:03:49]}  Kg8 {[%clk 0:04:47]} 107. h7+ {[%clk 0:04:15]}  Kh8 {[%clk 0:05:15]} 108. Kh6 {[%clk 0:04:37]} 1/2-1/2